000 00897cab a2200289 4500
001 ABS53811
008 090401t1995 xxu||||| |||| 00| 0 eng d
035 _a(Sirsi) u6704
041 _aeng
100 _aWheatley, C.
245 _aR & R becomes big business
260 _c1995
350 _a0
490 _aEstates Gazette
_v(9543) 28 October 1995, 62-63(2)
520 _aAnalysis of how increasing consumer demand for entertainment and leisure facilities has created a healthy market of opportunity for property investors and developers.
650 _aCINEMAS
650 _aENTERTAINMENT DEVELOPMENTS
650 _aINVESTMENT MARKET
650 _aLEISURE CENTRES
650 _aLEISURE DEVELOPMENT
650 _aLEISURE PROPERTY
650 _aOUT-OF-TOWN DEVELOPMENTS
650 _aTROCADERO CENTRE
690 _aLEISURE AND RECREATION
942 _n0
948 _c04/03/1997
999 _c3995
_d3995